00634nam a2200169 i 450000100060000000300090000600500170001500700030003200800410003524501100007626000300018630000210021671000570023785200320029499900170032695201210034382933ES-MaACL20230906174744.0t|041112s1980 sp s ||||1| spa d00aCenso industrial de España 1978 b: serie provincial : Málaga /cInstituto Nacional de Estadística. a[Madrid : bs.n., c1980] a79 p. ; c29 cm.2 aInstituto Nacional de Estadística (España)95162 aES-MaACLjG-4312 bR.100353 c82933d82933 00104070aATENEOMbATENEOMcDEPO2d2008-01-17eSCl0oG-4312p1086668r2023-02-23 00:00:00w2023-02-23yMONOGRAFIA